| 000 | 01105nam a2200277 c 4500 | ||
|---|---|---|---|
| 999 |
_c159121 _d159121 |
||
| 003 | BLK | ||
| 005 | 20211105133007.0 | ||
| 008 | 180410b bul|||||r ||||||| ||bul|| | ||
| 010 | _aKNG00166186000 | ||
| 040 | _aBLK | ||
| 041 |
_aBUL _cBUL |
||
| 080 |
_aСтопанско законодателство. Търговия. Индустрия _b351.82 _x:347.23(497.2)(094.9) _z351.82:347.23(497.2)(094.9) |
||
| 110 | 1 |
_aБългария. Закони и др. п. _9243213 |
|
| 139 |
_aБългария. Закони и др. п. _bБ 92 |
||
| 245 | 1 | 0 |
_aСобственост _bЗакони, укази, правилници, тарифи и др. нормативни актове |
| 257 | _aBGR | ||
| 260 |
_bНаука и изкуство _c1957 _aСофия |
||
| 300 |
_a92 с. _c19 см |
||
| 380 | _a3 | ||
| 650 | 4 |
_aСобственост - България - законодателни и директивни материали _9243215 |
|
| 852 |
_aЦб 6739 _bЦб |
||
| 942 |
_cKNG _n0 _s1 |
||
| 944 |
_aCR _c17.10.2014 _kРенета_Константинова |
||
| 944 |
_aED _c2021-11-05 |
||